Economic analysis of institutions and systems (Record no. 156001)

MARC details
000 -LEADER
fixed length control field 00740nam a2200253Ia 4500
008 - FIXED-LENGTH DATA ELEMENTS--GENERAL INFORMATION
fixed length control field 191130s1998##################000#0#eng##
020 ## - INTERNATIONAL STANDARD BOOK NUMBER
ISBN 0792380312
082 ## - DEWEY DECIMAL CLASSIFICATION NUMBER
Classification number 330
100 ## - MAIN ENTRY--AUTHOR NAME
Personal name Pejovich, Svetozar
245 ## - TITLE STATEMENT
Title Economic analysis of institutions and systems
Statement of responsibility, etc Svetozar Pejovich
250 ## - EDITION STATEMENT
Edition statement Rev. 2nd ed
260 ## - PUBLICATION, DISTRIBUTION, ETC. (IMPRINT)
Place of publication Dordrecht ; Boston
Name of publisher Kluwer Academic Publishers
Year of publication 1998
300 ## - PHYSICAL DESCRIPTION
Number of Pages xiii, 217 p. ; 25 cm
500 ## - GENERAL NOTE
General note Includes bibliographical references and index
650 ## - SUBJECT ADDED ENTRY--TOPICAL TERM
Topical Term Capitalism
Topical Term Institutional economics
Topical Term Right of property
Topical Term Socialism
991 ## -
-- 26649
Holdings
Withdrawn status Lost status Damaged status Not for loan Home library Current library Shelving location Date acquired Full call number Accession Number Price effective from Koha item type
        Anna Centenary Library Anna Centenary Library 4TH FLOOR, A WING 12.10.2020 330 300361 12.10.2020 English Books

Find us on the map